[Event "Poti Aleksandria Cup 5th"]
[Site "Poti"]
[Date "2010.07.14"]
[Round "4"]
[White "Kashia, Vakhtang"]
[Black "Kumsiashvili, Nikoloz"]
[Result "0-1"]
[WhiteElo "1720"]
[BlackElo "1969"]
[PlyCount "56"]
[EventDate "2010.07.11"]
[EventType "swiss"]
[EventRounds "9"]
[EventCountry "GEO"]
[SourceTitle "CBM 137 Extra"]
[Source "ChessBase"]
[SourceDate "2010.09.01"]
[SourceVersion "1"]
[SourceVersionDate "2010.09.01"]
[SourceQuality "1"]

1. e4 c5 2. Nc3 Nc6 3. f4 e6 4. Nf3 d5 5. d3 Nge7 6. g3 d4 7. Ne2 g6 8. Bg2 Bg7 9. 0-0 0-0 10. a3 Bd7 11. g4 f5 12. gxf5 exf5 13. e5 h6 14. Qe1 Be6 15. Qg3 Kh7 16. Kf2 Nd5 17. Qh4 Kg8 18. Rg1 Ne3 19. Bxe3 dxe3+ 20. Kxe3 g5 21. Bf1 g4 22. Qg3 Rf7 23. Nd2 Nxe5 24. Kf2 Ng6 25. c3 Bf6 26. Qe3 Bh4+ 27. Ng3 Qd6 28. Ke1 Rc7 0-1